000 00151 a2200085 4500
041 _aspa
100 _aAnonimo
245 _aCodigo del trabajo
942 _cBK
999 _c1259
_d1259